[Event "American Continental-ch 2018"]
[Site "Montevideo"]
[Date "2018.06.10"]
[Round "11"]
[White "Thavandiran, Shiyam"]
[Black "Gauche, Charles"]
[Result "*"]
[WhiteElo "2417"]
[BlackElo "2235"]
[Annotator "TA"]
[PlyCount "29"]
[EventDate "2018.??.??"]
[EventType "swiss"]
[EventCountry "URU"]
[SourceTitle "playchess.com"]
[Source "ChessBase"]
[SourceQuality "1"]

{[%evp 14,22,43,51,80,82,216,212,192,182,195]} 1. e4 e5 2. Bc4 Nf6 3. d3 Nc6 4. Nc3 Bb4 5. Nf3 {[%cal Bg1f3,Bf3g5,Bg5f7][%mdl 32]} d5 6. exd5 Nxd5 7. O-O Nxc3 {C28: Vienna Game: 2...Nf6 3 Bc4 Nc6} (7... Bxc3 8. bxc3 Bg4 9. Bd2 O-O 10. Rb1 Kh8 11. h3 Bh5 12. Rb5 Nb6 13. g4 Bg6 14. Nxe5 Nxe5 15. Rxe5 Qd6 16. Rfe1 Nxc4 17. dxc4 Qa6 {½-½ (99) Van Eijk,S (2438)-Ernst,S (2575) Amsterdam 2014}) 8. bxc3 {LiveBook: 3 Games} Bxc3 {[#]} 9. Ng5 $1 {[%cal Rg5f7]} f6 {[#]} (9... Bxa1 $2 {too greedy.} 10. Bxf7+ Kf8 11. Ba3+ Ne7 12. Bc4 $18) (9... Be6 $16 {might work better.} 10. Bxe6 (10. Nxe6 fxe6 11. Rb1 Nd4 $16) 10... fxe6) 10. Nf7 $1 $18 {[%cal Rf7d8]} Qe7 {Hoping for ...Rf8.} 11. Nxh8 Bxa1 {Predecessor:} 12. Bf7+ $146 Kd8 13. Qh5 Be6 14. Bxe6 Qxe6 15. Qxh7 {0-1 (36) Gelemerov,Y (1918)-Georgiev,N (1588) Sofia 2017} *

[Event "American Continental-ch 2018"]
[Site "Montevideo"]
[Date "2018.06.10"]
[Round "11"]
[White "Gemy, Jose Daniel"]
[Black "El Debs, Felipe De Cresce"]
[Result "0-1"]
[WhiteElo "2393"]
[BlackElo "2537"]
[Annotator "TA"]
[PlyCount "74"]
[EventDate "2018.??.??"]
[EventType "swiss"]
[EventCountry "URU"]
[SourceTitle "playchess.com"]
[Source "ChessBase"]
[SourceQuality "1"]

{[%evp 21,74,0,0,-19,-24,-31,-25,-8,-34,-9,1,-2,-14,-135,-128,-134,-137,-149,-143,-172,-195,-165,-100,-103,-99,-102,-95,-108,-95,-96,-97,-97,-80,-85,0,-10,0,-301,-304,-4802,-239,-1078,-605,-640,-618,-760,-739,-1110,-406,-5493,-5521,-5197,-2234,-29984,-29985]} 1. e4 c5 2. Nf3 e6 3. g3 Nc6 4. Bg2 Nf6 5. Nc3 a6 6. O-O d6 7. d4 cxd4 8. Nxd4 Bd7 9. Nde2 Be7 10. h3 b5 11. a3 Rc8 {LiveBook: 6 Games. B80: Sicilian Scheveningen: 6 g3 and 6 Be3, including English Attack} (11... Qc7 12. g4 Bc8 13. Ng3 O-O 14. f4 Nd7 15. g5 Re8 16. Kh1 Bf8 17. f5 Nce5 18. Nce2 Bb7 19. Nd4 {1-0 (34) Kasimdzhanov,R (2683)-Alekseev,E (2616) Riadh 2017}) 12. Be3 Ne5 $146 ({Predecessor:} 12... O-O 13. f4 Qc7 14. g4 h6 15. Kh1 Na5 16. b3 d5 17. e5 Ne4 18. Nxe4 dxe4 19. Ra2 {0-1 (32) Timman,J (2565)-Lacasa Diaz,J (2410) Barcelona 2006}) 13. b3 Bc6 {Black is slightly better.} 14. f4 Ned7 15. g4 g6 16. Qd4 O-O 17. e5 (17. Rf2 $11 {remains equal.}) 17... dxe5 $17 18. fxe5 Bc5 19. Qf4 Qb6 $1 20. Nd4 Bxg2 21. Kxg2 {[#]} Qb7+ (21... Bd6 $1 $19 22. Nf3 Bxe5 23. Qxe5 Qa5) 22. Nf3 Bxe3 23. Qxe3 Nd5 $36 {[%mdl 2048] Black is on the roll.} 24. Nxd5 Rxc2+ ({Much weaker is} 24... Qxd5 $6 25. Rf2 $11) 25. Kg3 {Strongly threatening Nb4.} Qxd5 26. Rad1 Qb7 27. Kh4 {Hoping for Qh6.} Kg7 (27... Nc5 $17 {Threatens to win with ...Qe7+.} 28. Rc1 Rxc1 29. Rxc1 Nd7) 28. Ng5 $1 $11 Nc5 29. b4 $2 {[%mdl 8192]} (29. Rxf7+ $1 $11 Rxf7 {[#]} 30. Qxc5 $1 {[%mdl 512]}) 29... h6 $19 30. Nxf7 $2 (30. bxc5 hxg5+ 31. Kxg5) 30... Qe7+ $2 (30... Rxf7 31. bxc5 Rxf1 32. Rxf1 g5+ 33. Kh5 Qe7) 31. g5 $2 (31. Rf6 Rxf7 32. bxc5 Rxf6 33. exf6+ Qxf6+ 34. Kg3) 31... Rc4+ 32. Rd4 Rxf7 33. Rxf7+ Kxf7 34. Rxc4 Qxg5+ 35. Qxg5 hxg5+ 36. Kg3 bxc4 {[%cal Bb5c4,Bc4c3][%mdl 32]} 37. bxc5 c3 {Precision: White = 36%, Black = 65%.} 0-1

[Event "American Continental-ch 2018"]
[Site "Montevideo"]
[Date "2018.06.10"]
[Round "11"]
[White "Gemy, Jose Daniel"]
[Black "El Debs, Felipe De Cresce"]
[Result "*"]
[WhiteElo "2393"]
[BlackElo "2537"]
[Annotator "TA"]
[PlyCount "37"]
[EventDate "2018.??.??"]
[EventType "swiss"]
[EventCountry "URU"]
[SourceTitle "playchess.com"]
[Source "ChessBase"]
[SourceQuality "1"]

{[%evp 17,18,0,0]} 1. e4 c5 2. Nf3 e6 3. g3 Nc6 4. Bg2 Nf6 5. Nc3 a6 6. O-O d6 7. d4 cxd4 8. Nxd4 Bd7 9. Nde2 Be7 {LiveBook: 50 Games} {Predecessor:} 10. h3 $146 b5 11. a3 Qc7 12. g4 Bc8 13. Ng3 O-O 14. f4 Nd7 15. g5 Re8 16. Kh1 Bf8 17. f5 Nce5 18. Nce2 Bb7 19. Nd4 {1-0 (34) Kasimdzhanov,R (2683)-Alekseev,E (2616) Riadh 2017} *

[Event "American Continental-ch 2018"]
[Site "Montevideo"]
[Date "2018.06.10"]
[Round "11"]
[White "Bick, Gabriel"]
[Black "Mesias Rojas, Rabindranath"]
[Result "1-0"]
[WhiteElo "2391"]
[BlackElo "2203"]
[Annotator "NA"]
[PlyCount "61"]
[EventDate "2018.??.??"]
[EventType "swiss"]
[EventCountry "URU"]
[SourceTitle "playchess.com"]
[Source "ChessBase"]
[SourceQuality "1"]
[TimeControl "40/5400+30:1800+30"]

1. e4 {[%emt 0:00:00]} c5 {[%emt 0:07:41]} 2. Nf3 {[%emt 0:00:00]} Nf6 {[%emt 0:00:13]} 3. e5 {[%emt 0:00:00]} Nd5 {[%emt 0:00:03]} 4. Nc3 {[%emt 0:00:00]} Nxc3 {[%emt 0:00:18]} 5. dxc3 {[%emt 0:00:00]} Nc6 {[%emt 0:00:16]} 6. Bf4 {[%emt 0:07:16]} Qb6 {[%emt 0:01:49]} 7. Qc1 {[%emt 0:07:28]} e6 {[%emt 0:01:07]} 8. Be2 {[%emt 0:09:21]} Be7 {[%emt 0:01:55]} 9. h4 {[%emt 0:01:33]} h6 {[%emt 0:00:18]} 10. Rh3 {[%emt 0:02:47]} Qc7 {[%emt 0:03:33]} 11. Rg3 {[%emt 0:13:23]} Bf8 {[%emt 0:13:27]} 12. Qe3 {[%emt 0:03:31]} b6 {[%emt 0:03:44]} 13. c4 {[%emt 0:06:48]} Bb7 {[%emt 0:09:52]} 14. h5 {[%emt 0:09:21]} O-O-O {[%emt 0:14:38]} 15. O-O-O {[%emt 0:00:47]} Na5 {[%emt 0:16:24]} 16. b3 {[%emt 0:06:15]} Nc6 {[%emt 0:02:23]} 17. Kb2 {[%emt 0:02:24]} g5 {[%emt 0:03:31]} 18. hxg6 {[%emt 0:00:16]} fxg6 {[%emt 0:00:02]} 19. Rxg6 {[%emt 0:01:43]} Ne7 {[%emt 0:01:43]} 20. Rf6 {[%emt 0:01:41]} Nf5 {[%emt 0:01:51]} 21. Rxf5 {[%emt 0:09:31]} exf5 {[%emt 0:00:07]} 22. Nh4 {[%emt 0:00:51]} Bg7 {[%emt 0:07:23]} 23. Kc1 {[%emt 0:12:05]} d6 {[%emt 0:02:18]} 24. exd6 {[%emt 0:01:13]} Qf7 {[%emt 0:00:23]} 25. Bd3 {[%emt 0:03:02]} Qf6 {[%emt 0:02:09]} 26. Nxf5 {[%emt 0:00:02]} Qb2+ {[%emt 0:05:47]} 27. Kd2 {[%emt 0:00:01]} Kb8 {[%emt 0:00:18]} 28. Nxg7 {[%emt 0:01:57]} Qxg7 {[%emt 0:00:02]} 29. Be5 {[%emt 0:00:01]} Qxg2 {[%emt 0:00:22]} 30. d7+ {[%emt 0:00:26]} Ka8 {[%emt 0:00:15]} 31. Bxh8 {[%emt 0:00:01]} 1-0

[Event "American Continental-ch 2018"]
[Site "Montevideo"]
[Date "2018.06.10"]
[Round "11"]
[White "Santarius, Erik"]
[Black "Carbone, Diego"]
[Result "1-0"]
[WhiteElo "2387"]
[BlackElo "2242"]
[Annotator "TA"]
[PlyCount "169"]
[EventDate "2018.??.??"]
[EventType "swiss"]
[EventCountry "URU"]
[SourceTitle "playchess.com"]
[Source "ChessBase"]
[SourceQuality "1"]

{[%evp 23,169,6,8,0,0,0,0,0,0,0,0,0,0,0,0,0,0,-22,-22,-22,-22,-22,-23,-22,-1,-6,-4,-6,-6,-5,-5,-15,-4,-6,-6,-6,-9,-16,0,-10,0,0,0,0,0,0,0,0,0,0,0,0,0,0,0,0,0,0,0,0,0,0,0,0,0,0,0,0,0,0,0,0,0,0,0,0,0,0,0,0,0,0,8,0,0,0,0,0,143,143,178,156,241,215,229,206,181,109,129,109,142,141,153,153,253,148,193,193,251,186,534,523,443,466,579,568,863,860,773,766,1338,1296,1285,1229,29985,29986,29986,29987,29987,5106,1550,1441,1389,1387,29988,29989,29989,29990,29989,29980,29980,29981,29981,29982,29994,29995,29996,91]} 1. d4 Nf6 2. c4 g6 3. Nc3 d5 4. cxd5 Nxd5 5. g3 Bg7 6. Bg2 Nxc3 7. bxc3 c5 8. Nf3 Nc6 9. O-O cxd4 10. cxd4 Nxd4 11. Nxd4 Qxd4 12. Rb1 O-O 13. Be3 {D75: Fianchetto Grünfeld: Main Line with 7...c5} Qc4 14. Bd5 Qa6 15. Qb3 {The position is equal.} Qxe2 16. Bc5 {And now Rfe1 would win.} Be6 17. Bxe6 Qxe6 18. Qxe6 fxe6 19. Rxb7 Rf5 {[#]} 20. Bxa7 $146 ({Predecessor:} 20. Rc7 Be5 21. Rxe7 Bxg3 22. hxg3 Rxc5 {1-0 (37) Aronian,L (2750)-Radjabov,T (2761) Nice 2009}) 20... Ra5 21. Be3 Bf6 22. a3 Kf7 23. Bc1 Bd4 24. Rd1 Rd5 {...Bxf2+! is the strong threat.} 25. Rd2 Bc5 26. Rc2 Bd6 27. Rc3 Rc5 28. Rxc5 Bxc5 $11 {[%mdl 4096] Endgame KRB-KRB} 29. Rb3 e5 30. Rc3 Bd4 31. Rc6 Ra5 32. Kg2 e4 33. Rc4 e5 34. a4 Ke6 35. Bd2 Ra7 36. a5 Kd5 37. Ra4 Kc5 38. Be1 Kb5 39. Rb4+ Kc5 40. Rb8 Kc4 41. Kf1 Kd3 42. Rb3+ Kc4 43. Rb1 Kd3 44. Rd1+ Kc2 45. Ke2 Rf7 46. Rd2+ Kb3 47. Rd1 Kc2 48. Rd2+ Kb3 49. Kd1 Kc4 50. Ra2 Kd3 51. Ra3+ Kc4 52. Ke2 Rb7 53. Ra2 Kb3 54. a6 Rc7 55. Ra5 Kc4 (55... Rf7 $11 {keeps the balance.}) 56. Bd2 $1 $16 Ra7 57. Be3 Ra8 (57... Kc3 $16 {was necessary.} 58. Rxe5 Rxa6 59. Rxe4 Ra2+ 60. Kf3 Bxe3 61. Kxe3 (61. Rxe3+ Kd4 $16) 61... Ra1) 58. a7 $18 Kb4 59. Ra6 Kb5 60. Rd6 ({Better is} 60. Ra3 $18) 60... Kc5 61. Re6 {Black must now prevent Rxe5+.} Kd5 62. Re7 h6 63. g4 Kd6 {[#]} (63... g5 $16 64. f3 exf3+ 65. Kxf3 Rc8) 64. Rg7 (64. Rh7 $1 $18) 64... Kd5 65. h4 ({But not} 65. Rxg6 $6 Rxa7 66. Rxh6 Ra2+ 67. Kf1 Bxe3 $14) 65... Kc4 (65... h5 $142 66. gxh5 (66. Rxg6 Rxa7 67. gxh5 Ra1 $16) 66... gxh5) 66. Rd7 ({Weaker is} 66. Rxg6 Rxa7 67. Rc6+ (67. Rxh6 Ra2+ 68. Bd2 Kd5 $16) 67... Kd5 $14) 66... Kc5 $2 (66... h5 {is a better chance.} 67. gxh5 gxh5) 67. Bxh6 Kc6 68. Rg7 Bxa7 69. Rxg6+ Kb5 70. Be3 Bd4 71. h5 Kc4 72. h6 Ra2+ 73. Bd2 Bxf2 74. h7 e3 75. h8=Q Rxd2+ 76. Kf1 (76. Kf3 $142 Rd5 77. Qa8 Be1 78. Qa2+ Kc5 79. Qa4 Rd6 80. Qc2+ Kd5 81. Qd3+ Kc6 82. Qc4+ Kb7 83. Qb5+ Kc8 84. Rg8+ Kc7 85. Rg7+ Kc8 86. Qb7+ Kd8 87. Rg8#) 76... Rd1+ {[#]} 77. Kg2 $1 {Intending Qc8+ and mate.} e2 78. Qg8+ Kd3 79. Qb3+ {White mates.} Kd2 80. Qb4+ Kd3 81. Kxf2 Rf1+ 82. Kg2 e1=Q 83. Qb5+ Kd2 84. Rd6+ Kc3 85. Rd3+ $2 {Precision: White = 80%, Black = 62%.} (85. Qc5+ {mates} Kb3 86. Rb6+ Qb4 87. Rxb4+ Ka3 88. Qa5#) 1-0

[Event "American Continental-ch 2018"]
[Site "Montevideo"]
[Date "2018.06.10"]
[Round "11"]
[White "Ruiz Castillo, Joshua Daniel"]
[Black "Januario, Severino Pereira"]
[Result "1/2-1/2"]
[WhiteElo "2378"]
[BlackElo "2175"]
[Annotator "NA"]
[PlyCount "90"]
[EventDate "2018.??.??"]
[EventType "swiss"]
[EventCountry "URU"]
[SourceTitle "playchess.com"]
[Source "ChessBase"]
[SourceQuality "1"]
[TimeControl "40/5400+30:1800+30"]

1. e4 {[%emt 0:03:13]} e6 {[%emt 0:00:16]} 2. d4 {[%emt 0:00:06]} d5 {[%emt 0:00:11]} 3. Nc3 {[%emt 0:00:06]} Nf6 {[%emt 0:00:12]} 4. e5 {[%emt 0:00:06]} Nfd7 {[%emt 0:00:12]} 5. f4 {[%emt 0:00:06]} c5 {[%emt 0:00:15]} 6. Nf3 {[%emt 0:00:04]} Nc6 {[%emt 0:00:15]} 7. Be3 {[%emt 0:00:07]} a6 {[%emt 0:00:20]} 8. Qd2 {[%emt 0:00:07]} b5 {[%emt 0:00:39]} 9. Bd3 {[%emt 0:03:03]} Qb6 {[%emt 0:01:38]} 10. dxc5 {[%emt 0:00:51]} Bxc5 {[%emt 0:00:31]} 11. Bxc5 {[%emt 0:00:04]} Nxc5 {[%emt 0:01:52]} 12. Qf2 {[%emt 0:01:55]} b4 {[%emt 0:07:53]} 13. Ne2 {[%emt 0:00:07]} a5 {[%emt 0:00:49]} 14. O-O {[%emt 0:00:59]} Ba6 {[%emt 0:00:33]} 15. Kh1 {[%emt 0:00:53]} Bxd3 {[%emt 0:03:11]} 16. cxd3 {[%emt 0:00:00]} Nd7 {[%emt 0:01:29]} 17. Rac1 {[%emt 0:08:20]} Ra6 {[%emt 0:16:06]} 18. d4 {[%emt 0:17:41]} O-O {[%emt 0:05:02]} 19. f5 {[%emt 0:02:13]} exf5 {[%emt 0:09:11]} 20. Ng5 {[%emt 0:00:19]} Ne7 {[%emt 0:06:48]} 21. Nxh7 {[%emt 0:00:12]} Re8 {[%emt 0:01:29]} 22. Ng5 {[%emt 0:00:21]} Qh6 {[%emt 0:00:31]} 23. Nh3 {[%emt 0:00:51]} Nf8 {[%emt 0:01:07]} 24. Ng3 {[%emt 0:00:57]} g6 {[%emt 0:04:34]} 25. Qe2 {[%emt 0:07:04]} Raa8 {[%emt 0:01:54]} 26. Nf4 {[%emt 0:00:13]} Rec8 {[%emt 0:02:12]} 27. e6 {[%emt 0:00:24]} fxe6 {[%emt 0:05:00]} 28. Rxc8 {[%emt 0:00:07]} Rxc8 {[%emt 0:00:06]} 29. Nxe6 {[%emt 0:00:14]} Rc1 {[%emt 0:00:37]} 30. Kg1 {[%emt 0:08:10]} Nxe6 {[%emt 0:01:00]} 31. Qxe6+ {[%emt 0:00:06]} Kf8 {[%emt 0:00:11]} 32. b3 {[%emt 0:04:57]} Qf4 {[%emt 0:02:03]} 33. Rxc1 {[%emt 0:08:38]} Qxc1+ {[%emt 0:00:10]} 34. Nf1 {[%emt 0:00:07]} Qb2 {[%emt 0:00:30]} 35. Qe3 {[%emt 0:01:20]} Qxa2 {[%emt 0:00:33]} 36. Nd2 {[%emt 0:00:20]} a4 {[%emt 0:00:24]} 37. bxa4 {[%emt 0:00:04]} Qxa4 {[%emt 0:00:09]} 38. Kf2 {[%emt 0:00:26]} Qc2 {[%emt 0:04:04]} 39. Ke1 {[%emt 0:01:51]} Qc1+ {[%emt 0:01:09]} 40. Ke2 {[%emt 0:00:26]} Nc6 {[%emt 0:36:50]} 41. Qh6+ {[%emt 0:35:15]} Kf7 {[%emt 0:11:32]} 42. Qh7+ {[%emt 0:01:32]} Kf6 {[%emt 0:01:17]} 43. Qh8+ {[%emt 0:00:20]} Kf7 {[%emt 0:01:09]} 44. Qh7+ {[%emt 0:00:25]} Kf6 {[%emt 0:00:56]} 45. Qh8+ {[%emt 0:01:03]} Kf7 {[%emt 0:00:09]} 1/2-1/2

[Event "American Continental-ch 2018"]
[Site "Montevideo"]
[Date "2018.06.10"]
[Round "11"]
[White "Lujan, Carolina"]
[Black "Henriquez Villagra, Cristobal"]
[Result "0-1"]
[WhiteElo "2341"]
[BlackElo "2518"]
[Annotator "TA"]
[PlyCount "128"]
[EventDate "2018.??.??"]
[EventType "swiss"]
[EventCountry "URU"]
[SourceTitle "playchess.com"]
[Source "ChessBase"]
[SourceQuality "1"]

{[%evp 10,128,4,4,6,6,3,-4,-1,-7,-7,0,6,-3,12,12,17,10,62,60,59,0,0,0,10,0,0,0,15,18,12,0,10,0,0,-19,-14,-20,-16,-27,-14,-18,0,-15,0,-41,-40,-26,-39,-72,-61,-61,-57,-54,-56,-100,6,6,8,0,0,0,2,2,2,2,2,2,2,0,0,0,0,0,0,-20,0,0,0,-12,-12,-12,-13,-74,-75,-67,-80,-76,0,-436,-435,-361,-375,-369,-360,-462,-462,-681,-647,-845,-758,-658,-557,-585,-593,-29966,-843,-799,-834,-829,-789,-777,-747,-29978,-29979,-29978,-29979,-29980,-822,-29980,-29976]} 1. e4 c5 2. g3 d6 3. Bg2 g6 4. Ne2 Bg7 5. O-O Nc6 6. d3 {LiveBook: 63 Games} h5 {B20: Sicilian: Unusual White 2nd moves} (6... e6 7. c3 Nge7 8. Be3 O-O 9. d4 b6 10. Na3 Ba6 11. Re1 Rb8 12. Nc2 Qc7 13. Qd2 Rfc8 14. Rad1 cxd4 15. Nexd4 Ne5 16. Nb4 Bc4 {1-0 (46) Gabuzyan,H (2583)-Alaverdyan,G (2255) Tsaghkadzor 2017}) 7. h4 Bg4 8. f3 Bd7 {The position is equal.} 9. c3 $146 ({Predecessor:} 9. c4 Qc8 10. Nbc3 Bh3 11. Be3 Bxg2 12. Kxg2 e6 13. d4 cxd4 14. Nxd4 {1-0 (46) Atalik,E (2335)-Iljin,E Omsk/Perm 1998}) 9... e5 10. a3 Qb6 11. Kh1 Be6 12. c4 Nge7 13. Nbc3 a5 (13... Qd8 $11) 14. Nd5 $14 Qd8 $1 15. Bd2 (15. Bg5 $14) 15... O-O $11 16. Rb1 Bd7 17. Nec3 Nxd5 18. Nxd5 Be6 19. Bg5 f6 20. Bd2 Nd4 21. Nc3 {[#]} a4 $1 {[%mdl 512]} 22. Ne2 (22. Nxa4 b5) 22... Nb3 23. Be3 Qd7 24. Nc3 Rf7 25. Kh2 Kh7 26. Rf2 Nd4 27. Qf1 Raf8 28. Bh3 f5 29. f4 Bh6 30. Re1 fxe4 31. Nxe4 exf4 32. gxf4 Nf5 {[#]} ({Black should try} 32... Qd8 $17 33. Ng5+ Bxg5 34. hxg5 Bxh3 35. Qxh3 Re8) 33. Bxc5 $1 {[%mdl 512]} Qd8 (33... dxc5 34. Nxc5) 34. Ng5+ Bxg5 $1 35. hxg5 dxc5 36. Rxe6 Nd4 37. Re5 Qc7 $132 {[%mdl 2048] Threatens to win with ...Rxf4! Black is fighting back} 38. Re4 Re7 39. Qg2 Rxe4 40. Qxe4 Rf7 41. Kh1 Re7 42. Qd5 Re1+ 43. Kg2 Re3 44. Bd7 {aiming for Qf7+.} Kg7 45. Bxa4 Re7 46. Bd1 {[#]} (46. b4 $11) 46... Nf5 $1 $17 {[%cal Rf5e3][%mdl 1024] Black has strong compensation.} 47. Kh2 Ne3 48. Qh1 Rf7 (48... Qd6 $17 {White must now prevent ...Qd4.} 49. Be2 Qd4) 49. Qf3 $2 {[%mdl 8192]} (49. Be2 $11) 49... Ng4+ $19 50. Kg3 {Hoping for Re2.} Nxf2 51. Qxf2 {[%mdl 4096] Endgame KQR-KQB} Rf5 ({Don't take} 51... h4+ 52. Kg4 $19) 52. d4 Rxg5+ 53. Kh3 (53. Kf3 $142 Rf5 54. Qe3) 53... Rf5 54. dxc5 Qd7 {Strongly threatening ...Rxf4+.} 55. Bf3 Rxf4+ 56. Kg3 Rxc4 57. b4 Qf5 (57... Qd3 $142 58. c6 h4+ 59. Kh3 bxc6 60. Qb2+ Rc3 61. Qf2 Qf5+ 62. Kg2 Rc2 63. Qxc2 Qxc2+ 64. Kf1 Qd3+ 65. Kf2 Qxa3 66. Be4 Qxb4 67. Bg2 Qd2+ 68. Kf3 Qe1 69. Bh3 Qg3+ 70. Ke4 Qxh3 71. Kd4 Qe6 72. Kc3 h3 73. Kd3 h2 74. Kc3 h1=Q 75. Kd2 Qb1 76. Kc3 Qe3+ 77. Kc4 Qbe4#) 58. Qe3 h4+ 59. Kh2 Rc2+ 60. Kg1 Qf6 {( -> ...Qa1+)} 61. Qd3 Qg5+ 62. Kf1 Qc1+ 63. Qd1 Qxd1+ 64. Bxd1 Rc1 {Precision: White = 46%, Black = 64%.} 0-1

[Event "American Continental-ch 2018"]
[Site "Montevideo"]
[Date "2018.06.10"]
[Round "11"]
[White "Varacalli, Francisco"]
[Black "Cabrera Pando, Ramiro"]
[Result "1/2-1/2"]
[WhiteElo "2312"]
[BlackElo "2196"]
[Annotator "NA"]
[PlyCount "65"]
[EventDate "2018.??.??"]
[EventType "swiss"]
[EventCountry "URU"]
[SourceTitle "playchess.com"]
[Source "ChessBase"]
[SourceQuality "1"]
[TimeControl "40/5400+30:1800+30"]

1. e4 {[%emt 0:03:55]} c5 {[%emt 0:00:13]} 2. Nf3 {[%emt 0:00:12]} e6 {[%emt 0:00:22]} 3. d4 {[%emt 0:00:11]} cxd4 {[%emt 0:00:05]} 4. Nxd4 {[%emt 0:00:05]} a6 {[%emt 0:00:20]} 5. Bd3 {[%emt 0:01:36]} g6 {[%emt 0:01:08]} 6. f4 {[%emt 0:12:36]} Bg7 {[%emt 0:00:23]} 7. c3 {[%emt 0:01:37]} Ne7 {[%emt 0:02:07]} 8. Be3 {[%emt 0:03:10]} Nbc6 {[%emt 0:00:08]} 9. Nxc6 {[%emt 0:03:45]} Nxc6 {[%emt 0:00:22]} 10. Nd2 {[%emt 0:00:45]} d5 {[%emt 0:02:48]} 11. e5 {[%emt 0:10:47]} O-O {[%emt 0:04:26]} 12. Nf3 {[%emt 0:03:42]} f6 {[%emt 0:03:43]} 13. exf6 {[%emt 0:01:24]} Bxf6 {[%emt 0:05:52]} 14. O-O {[%emt 0:03:43]} e5 {[%emt 0:17:32]} 15. fxe5 {[%emt 0:03:04]} Nxe5 {[%emt 0:00:26]} 16. Nxe5 {[%emt 0:01:22]} Bxe5 {[%emt 0:00:05]} 17. Rxf8+ {[%emt 0:00:08]} Qxf8 {[%emt 0:00:11]} 18. Bxg6 {[%emt 0:03:54]} Qd6 {[%emt 0:02:11]} 19. Bxh7+ {[%emt 0:13:51]} Kxh7 {[%emt 0:01:13]} 20. Qh5+ {[%emt 0:00:04]} Kg8 {[%emt 0:03:20]} 21. Qe8+ {[%emt 0:00:41]} Kh7 {[%emt 0:00:38]} 22. Rf1 {[%emt 0:03:04]} Qe6 {[%emt 0:06:05]} 23. Rf7+ {[%emt 0:07:01]} Bg7 {[%emt 0:00:07]} 24. Re7 {[%emt 0:00:20]} Qg6 {[%emt 0:01:00]} 25. Qa4 {[%emt 0:06:31]} Bg4 {[%emt 0:05:46]} 26. Bd4 {[%emt 0:01:51]} Rg8 {[%emt 0:04:25]} 27. Rxg7+ {[%emt 0:03:41]} Rxg7 {[%emt 0:00:06]} 28. Bxg7 {[%emt 0:00:03]} Kxg7 {[%emt 0:01:10]} 29. Qd4+ {[%emt 0:00:28]} Kh6 {[%emt 0:04:12]} 30. Qxd5 {[%emt 0:00:42]} Qb1+ {[%emt 0:00:40]} 31. Kf2 {[%emt 0:00:02]} Qxb2+ {[%emt 0:00:14]} 32. Kg3 {[%emt 0:00:19]} Bh5 {[%emt 0:00:06]} 33. Qd6+ {[%emt 0:00:58]} 1/2-1/2

[Event "American Continental-ch 2018"]
[Site "Montevideo"]
[Date "2018.06.10"]
[Round "11"]
[White "Grabinsky, Aaron"]
[Black "Madeira, Wagner Martins"]
[Result "1-0"]
[WhiteElo "2296"]
[BlackElo "2171"]
[Annotator "NA"]
[PlyCount "73"]
[EventDate "2018.??.??"]
[EventType "swiss"]
[EventCountry "URU"]
[SourceTitle "playchess.com"]
[Source "ChessBase"]
[SourceQuality "1"]
[TimeControl "40/5400+30:1800+30"]

1. e4 g6 2. Nc3 {[%emt 0:00:00]} Bg7 {[%emt 0:00:27]} 3. d4 {[%emt 0:00:00]} d6 {[%emt 0:00:30]} 4. Be3 {[%emt 0:00:29]} Nf6 {[%emt 0:00:00]} 5. f3 {[%emt 0:00:00]} c6 {[%emt 0:00:13]} 6. Qd2 {[%emt 0:00:11]} b5 {[%emt 0:02:18]} 7. Bh6 {[%emt 0:02:42]} Bxh6 {[%emt 0:03:32]} 8. Qxh6 {[%emt 0:00:05]} e5 {[%emt 0:00:10]} 9. O-O-O {[%emt 0:01:49]} Nbd7 {[%emt 0:00:52]} 10. Nh3 {[%emt 0:02:08]} a6 {[%emt 0:13:12]} 11. Kb1 {[%emt 0:01:15]} Bb7 {[%emt 0:02:19]} 12. g4 {[%emt 0:06:15]} Qe7 {[%emt 0:02:27]} 13. Qe3 {[%emt 0:01:51]} O-O-O {[%emt 0:02:28]} 14. Nf2 {[%emt 0:01:21]} Kb8 15. Bg2 c5 {[%emt 0:15:44]} 16. d5 {[%emt 0:01:19]} Nb6 {[%emt 0:02:38]} 17. Rdf1 {[%emt 0:03:51]} Nfd7 {[%emt 0:01:42]} 18. h4 {[%emt 0:07:04]} f5 {[%emt 0:10:01]} 19. Qg5 {[%emt 0:07:20]} Qf6 {[%emt 0:07:55]} 20. gxf5 {[%emt 0:01:21]} gxf5 {[%emt 0:00:30]} 21. Bh3 {[%emt 0:01:10]} f4 22. Ng4 {[%emt 0:00:08]} Qxg5 {[%emt 0:22:21]} 23. hxg5 {[%emt 0:00:55]} Rdg8 {[%emt 0:08:19]} 24. Nh6 {[%emt 0:00:30]} Rg7 {[%emt 0:00:23]} 25. Be6 {[%emt 0:00:28]} Nf8 26. Nf5 {[%emt 0:07:18]} Nxe6 {[%emt 0:04:23]} 27. dxe6 {[%emt 0:00:30]} Rg6 {[%emt 0:00:18]} 28. Nxd6 {[%emt 0:00:30]} Rxe6 {[%emt 0:00:50]} 29. Nf7 Rg8 {[%emt 0:00:25]} 30. Rxh7 {[%emt 0:00:33]} Nc4 {[%emt 0:00:37]} 31. Rd1 {[%emt 0:00:35]} Re7 {[%emt 0:00:35]} 32. b3 {[%emt 0:00:43]} Ne3 {[%emt 0:00:16]} 33. Rd6 {[%emt 0:00:05]} b4 {[%emt 0:00:49]} 34. Na4 {[%emt 0:00:36]} Bxe4 {[%emt 0:00:35]} 35. fxe4 {[%emt 0:00:19]} f3 {[%emt 0:00:01]} 36. Rf6 {[%emt 0:00:27]} Rxf7 {[%emt 0:01:01]} 37. Rfxf7 {[%emt 0:00:26]} 1-0